Welcome to the Holygrace Academy Library

Please use search bar below to get started

THE SWISS FAMILY ROBINSON (Record no. 3408)

MARC details
000 -LEADER
fixed length control field 00359nam a22001457a 4500
020 ## - INTERNATIONAL STANDARD BOOK NUMBER
ISBN 978-81-8388-754-0
082 ## - DEWEY DECIMAL CLASSIFICATION NUMBER
Classification number 823
Item number WYS/S
100 ## - MAIN ENTRY--AUTHOR NAME
Personal name WYSS, JOHANN DAVID
245 ## - TITLE STATEMENT
Title THE SWISS FAMILY ROBINSON
Remainder of title SPIDER JUNIOR CLASSICS
260 ## - PUBLICATION, DISTRIBUTION, ETC. (IMPRINT)
Place of publication CHENNAI
Name of publisher SPIDER BOOKS
Year of publication 2017
300 ## - PHYSICAL DESCRIPTION
Number of Pages 31
520 ## - SUMMARY, ETC.
Summary, etc CLASSICS STORY
650 ## - SUBJECT ADDED ENTRY--TOPICAL TERM
Topical Term CLASSICS STORY
942 ## - ADDED ENTRY ELEMENTS (KOHA)
Koha item type Books
Holdings
Withdrawn status Lost status Collection code Home library Current library Shelving location Date acquired Source of acquisition Cost, normal purchase price Full call number Accession Number Koha item type
    Fiction Main Library Main Library SHELF 4-H HARDY BOYS,CAPTAIN UNDERPANTHS,TALES FOR CHILDREN 29/10/2019 Purchase 25.00 823 WYS/S 11804 Books